000 00760nam a2200205 a 4500
001 000036397
005 20200930075717.0
008 120116s2003 sp ad r 000 0 spa d
020 _a8497041143
040 _aDO-SdBNP
_bspa
_cBNPHU
082 _axxxx
_bA454c
100 1 _aAlonso Berrocal, José L.
_962597
245 1 0 _aCibermetría :
_bnuevas técnicas de estudio aplicables al Web /
_cJosé L. Alonso Berrocal, Carlos G. Figuerola, Ángel F. Zazo.
260 _aEspaña :
_bEdiciones Trea,
_c2003.
300 _a207 p. :
_bil., diagrs ;
_c22 cm.
490 1 _aBiblioteconomía y administración cultural
_v96
700 1 _aFiguerola, Carlos G.
_962598
700 1 _aZazo, Ángel F.
_962599
830 0 _aBiblioteconomía y administración cultural
_n96
_962600
999 _c35888
_d35888